Telecommunication system engineering / (Record no. 68066)
[ view plain ]
| 000 -LEADER | |
|---|---|
| fixed length control field | 01000nam a2200277 a 4500 |
| 001 - CONTROL NUMBER | |
| control field | 68066 |
| 003 - CONTROL NUMBER IDENTIFIER | |
| rucl marc code | BD-RjUL |
| 005 - DATE AND TIME OF LATEST TRANSACTION | |
| control field | 20211209081728.0 |
| 008 - FIXED-LENGTH DATA ELEMENTS--GENERAL INFORMATION | |
| fixed length control field | 960228r19961989nyua b 001 0 eng |
| 020 ## - INTERNATIONAL STANDARD BOOK NUMBER | |
| International Standard Book Number | 0471133027 (cloth : acidfree paper) |
| 035 ## - SYSTEM CONTROL NUMBER | |
| System control number | (BD-RjUL)68275 |
| 040 ## - CATALOGING SOURCE | |
| Original cataloging agency | DLC |
| Transcribing agency | DLC |
| Modifying agency | DLC |
| -- | BD-RjUL |
| Language of cataloging | eng |
| 041 ## - LANGUAGE CODE | |
| Language code of text/sound track or separate title | eng |
| 082 00 - DEWEY DECIMAL CLASSIFICATION NUMBER | |
| Edition number | 23 |
| Classification number | 621.382 |
| Author mark and year | FRT 1996 |
| 100 1# - MAIN ENTRY--PERSONAL NAME | |
| Personal name | Freeman, Roger L. |
| 9 (RLIN) | 201776 |
| 245 10 - TITLE STATEMENT | |
| Title | Telecommunication system engineering / |
| Statement of responsibility, etc. | Roger L. Freeman. |
| 250 ## - EDITION STATEMENT | |
| Edition statement | 3rd ed. |
| 260 ## - PUBLICATION, DISTRIBUTION, ETC. (IMPRINT) | |
| Place of publication, distribution, etc. | New York : |
| Name of publisher, distributor, etc. | Wiley, |
| Date of publication, distribution, etc. | 1989 [reprinting 1996] |
| 300 ## - PHYSICAL DESCRIPTION | |
| Pagination | xxii, 1023 p. : |
| Illustrations | ill. ; |
| Size | 24 cm. |
| 504 ## - BIBLIOGRAPHY, ETC. NOTE | |
| Bibliography, etc | Includes bibliographical references and index. |
| 650 #0 - SUBJECT ADDED ENTRY--TOPICAL TERM | |
| Topical term or geographic name as entry element | Telecommunication systems |
| General subdivision | Design and construction. |
| 9 (RLIN) | 201778 |
| Topical term or geographic name as entry element | Telephone systems |
| General subdivision | Design and construction. |
| 9 (RLIN) | 201779 |
| 830 ## - SERIES ADDED ENTRY--UNIFORM TITLE | |
| Uniform title | Wiley series in telecommunications and signal processing |
| 942 ## - ADDED ENTRY ELEMENTS (KOHA) | |
| Source of classification or shelving scheme | Dewey Decimal Classification |
| Koha item type | Books |
| Lost status | Source of classification or shelving scheme | Damaged status | Not for loan | Collection code | Permanent Location | Current Location | Shelving location | Date acquired | Source of acquisition | Cost, normal purchase price | Total Checkouts | Full call number | Date last seen | Copy number | Koha item type |
|---|---|---|---|---|---|---|---|---|---|---|---|---|---|---|---|
| Dewey Decimal Classification | Not For Loan | Non-fiction | Central Library, University of Rajshahi | Central Library, University of Rajshahi | Reading Room | 16/02/1999 | Karim International | 3974.00 | 621.382 FRT 1996 | 30/03/2017 | C-1 | Books |